Statistics for 2022 NFL DRAFT MATCH THE PLAYER WITH THE COLLEGE

Click here to take the quiz!

General Stats

  • This quiz has been taken 68 times
  • The average score is 22 of 31

Answer Stats

HintAnswer% Correct
Bryce YoungAlabama
100%
C.J. StroudOhio St.
100%
Anthony RichardsonFlorida
95%
Will Anderson Jr.Alabama
88%
Jahmyr GibbsAlabama
86%
Jalen CarterGeorgia
86%
Bijan RobinsonTexas
86%
Jaxon Smith-NjigbaOhio St.
84%
Zay FlowersBoston College
78%
Nolan SmithGeorgia
78%
Devon WitherspoonIllinois
76%
Lukas Van NessIowa
76%
Peter SkoronskiNorthwestern
76%
Quentin JohnstonTCU
76%
Jordan AddisonUSC
76%
Paris Johnson Jr.Ohio St.
74%
Christian GonzalezOregon
72%
Jack CampbellIowa
71%
Tyree WilsonTexas Tech
71%
Bryan BreseeClemson
69%
Broderick JonesGeorgia
66%
Darnell WrightTennessee
64%
Myles MurphyClemson
62%
Mazi SmithMichigan
60%
Dalton KincaidUtah
60%
Emmanuel ForbesMississippi St.
53%
Calijah KanceyPittsburgh
52%
Felix Anudike-UzomahKansas St.
50%
Will McDonald IVIowa St.
48%
Anton HarrisonOklahoma
48%
Deonte BanksMaryland
47%

Score Distribution

Percentile by Number Answered

Percent of People with Each Score

Your Score History

You have not taken this quiz